000 00749nam a2200217 4500
001 120272
003 ES-MaACL
005 20250902030018.0
007 t|
008 070214s1966 sp r ||||1| spa d
100 1 _aPerier, A.
_991265
245 1 3 _aEl entretenimiento preventivo /
_cA. Perier, traducción de Manuel Sinde, José Ignacio Galdeano.
260 _aBilbao :
_bDeusto,
_c1966.
300 _a120 p. ;
_c22 cm.
490 1 _aManuales prácticos de gestión de empresas. Serie b ;
_v3
700 1 _aSinde, Manuel.
_9106615
700 1 _aGaldeano, José Ignacio.
_953353
830 0 0 _aManuales prácticos de gestión de empresas (Deusto)
_v3
_9220714
852 _aES-MaACL
_jC-32804
_bR.63057
999 _c120272
_d120272